| 000 | 00569nam a2200193 4500 | ||
|---|---|---|---|
| 001 | 143022 | ||
| 003 | ES-MaACL | ||
| 005 | 20230906200707.0 | ||
| 007 | t| | ||
| 008 | 070214n19031910sp r ||||1| spa d | ||
| 100 | 0 |
_aSela, Aniceto ( _d1863-1935) _9105285 |
|
| 245 | 1 | 0 |
_aDerecho Internacional / _cAniceto Sela y Sampil. |
| 260 |
_aBarcelona : _bDomingo Clarasó, _c[entre 1903 y 1910] |
||
| 300 |
_a215 p. ; _c16 x 11 cm. |
||
| 490 | 1 |
_aManuales Soler ; _v94 |
|
| 830 | 0 |
_aManuales Soler ; _v94 _9181914 |
|
| 852 |
_aES-MaACL _jG-15687 |
||
| 999 |
_c143022 _d143022 |
||